The impact of the president's fiscal year 1998 budget on federal employees : hearing before the Subcommittee on Civil Service of the Committee on Government Reform and Oversight, House of Representatives, One Hundred Fifth Congress, first session, February 13, 1997.

Bibliographic Details
Corporate Author: United States. Congress. House. Committee on Government Reform and Oversight. Subcommittee on Civil Service (Author)
Format: Government Document eBook
Language:English
Published: Washington : U.S. Government Printing Office, 1997.
Subjects:
Online Access:https://purl.fdlp.gov/GPO/gpo62030

MARC

Tag First Indicator Second Indicator Subfields
LEADER 00000cam a2200000 i 4500
001 in00003601521
005 20211120173457.0
006 m o d f
007 cr bn||||a||||
008 120726s1997 dcua o f000 0 eng c
019 |a 651730023  |a 655220940 
035 |a (OCoLC)ocn801943364 
040 |a OCLCE  |b eng  |e rda  |e pn  |c OCLCE  |d OCLCQ  |d OCLCO  |d GPO  |d MvI  |d UtOrBLW 
042 |a dlr 
043 |a n-us--- 
049 |a WWW 
074 |a 1016-C (online) 
086 0 |a Y 4.G 74/7:B 85/24 
088 |a Serial no. 105-33 (United States. Congress. House. Committee on Government Reform and Oversight) 
110 1 |a United States.  |b Congress.  |b House.  |b Committee on Government Reform and Oversight.  |b Subcommittee on Civil Service,  |e author.  |0 http://id.loc.gov/authorities/names/no95055657 
245 1 4 |a The impact of the president's fiscal year 1998 budget on federal employees :  |b hearing before the Subcommittee on Civil Service of the Committee on Government Reform and Oversight, House of Representatives, One Hundred Fifth Congress, first session, February 13, 1997. 
264 1 |a Washington :  |b U.S. Government Printing Office,  |c 1997. 
300 |a 1 online resource (iii, 125 pages) :  |b illustrations 
336 |a text  |b txt  |2 rdacontent 
337 |a computer  |b c  |2 rdamedia 
338 |a online resource  |b cr  |2 rdacarrier 
500 |a Title from title screen (viewed on Oct. 21, 2015). 
500 |a Distributed to some depository libraries in microfiche. 
500 |a "Serial Number 105-33." 
650 0 |a Administrative agencies  |z United States  |x Appropriations and expenditures. 
650 0 |a Administrative agencies  |z United States  |x Personnel management.  |0 http://id.loc.gov/authorities/subjects/sh2009113606 
651 0 |a United States  |x Officials and employees  |x Economic conditions. 
655 7 |a Legislative hearings.  |2 lcgft  |0 http://id.loc.gov/authorities/genreForms/gf2011026362 
776 0 8 |i Print version:  |a United States. Congress. House. Committee on Government Reform and Oversight. Subcommittee on Civil Service.  |t Impact of the president's fiscal year 1998 budget on federal employees  |w (DLC) 98115032  |w (OCoLC)38172808 
856 4 0 |u https://purl.fdlp.gov/GPO/gpo62030  |t 0 
999 f f |s 76e63464-1368-375f-8841-c7c16fcde485  |i 44f1878a-7175-3392-9dbb-dbc3b808f0bf  |t 0 
952 f f |a Texas A&M University  |b College Station  |c Electronic Resources  |d Available Online  |t 0  |e Y 4.G 74/7:B 85/24  |h Superintendent of Documents classification 
998 f f |a Y 4.G 74/7:B 85/24  |t 0  |l Available Online